000 01591cam a2200445 4500
003 PE-LiUPU
005 20250731172829.0
020 _a9788484693055
035 _a(Sirsi) i9788484693055
035 _a(Sirsi) 52100
041 _aspa
044 _asp
035 _a(Sirsi) 52100
082 0 4 _a248.4
_bM2
245 _aMatrimonios de hoy :
_bContados por ellos mismos /
_cMaría José Monfort coordinadora.
250 _a1 ed.
264 1 _aMadrid :
_bEdiciones Internacionales Universitarias,
_c2012
300 _a156 p. :
_c24 cm.
505 0 _a"Oly you" -- "Mi buen amor" -- "El cóndor pasa" -- "Bendita luz" -- "Cuando amanece, huyen las estrellas y en lontananza empieza a clarear" -- "Oly you II" -- "Ma vie" -- "Tú como yo" -- "By saying something stupid" -- "The way we werw" -- "R
526 _aSEG42
526 _aSEG41
526 _aSEG40
526 _aSEG39
526 _aP94
526 _aP87
526 _aP86
526 _aP85
526 _aP77
526 _aP76
526 _aP35
650 1 4 _aMatrimonio
_xCristianismo
700 1 _aMonfort Jiménez, María José,
_ecoord.
859 _q69510
910 _agl20131210
942 _2ddc
_cBOOK
949 _i69510
_lCCODEBUL1
_mBUL
_tLIBRO
_o.STAFF. Colección General
596 _a1
999 _a248.4 M2
_wDEWEY
_c6040
_i69510
_d6040
_e2018-8-29
_f2021-11-10
_g5
_lCCODEBUL1
_mBUL
_n5
_p27.00
_q2
_r0
_sY
_tBOOK
_u2015-7-6
_xTEOLOGIA
_PP35
_0COMPRA
_o.STAFF. Colección General
980 _81
_gALBERTO SANCHEZ Responsable de Automatización